000 01439nam a2200385 a 4500
001 22955
003 SK-KTurca
005 20260513074849.0
008 251113s2000 xo ae r y 0 slo
015 _aSNBA2001/08-02777
020 _a8088963362
035 _aSNK000364838
040 _aSNK
_bslo
_cSNK
_eAACR2
041 0 _aslo
044 _axo
_cSK
080 _a635.92(084.12)
_21981
100 1 _aStrauss, Friedrich
_4fot
240 1 0 _aBalkonblumen- Farbenpracht
_lSlovensky
245 1 _aFarebná nádhera na balkóne
_bnámety na pôsobivé rastlinné a kvetinové zostavy : základy teórie farieb : najkrajšie rastliny podľa jednotlivých farieb s údajmi o čase kvitnutia
_cFriedrich Strauss ; kresby Marlene Gemkeová ; [z nemeckého originálu preložili Mária Jakubičková a Jana Katriaková]
260 _a[Bratislava]
_bMedia klub
_c2000
300 _a63 s.
_bfareb. fotogr.
_c20 cm
490 1 _aFarebné balkóny
500 _aRozlož. fotogr. na tit. strane
500 _aÚdaj o prekl. prevzatý z tiráže
504 _aSlov.-lat. ekvivalenty. Reg.
650 0 7 _abalkónové rastliny
_2SNKPH
655 7 _apríručky
_2SNKPH
700 1 _aGemke, Marlene
_4ill
700 1 _aJakubičková, Mária
_4trl
700 1 _aKatriaková, Jana
_4trl
730 _aBalkonblumen- Farbenpracht
830 0 _aFarebné balkóny
942 _2ddc
_cOLDO
_n0
999 _c22955
_d22955